The Twelve days of christmas illustrated by Roger Langton
| Format: | Book |
|---|---|
| Published: |
U.K :
Ladybird Books ,
19-
|
| Subjects: |
MARC
| LEADER | 00000cam a2200000 7i4500 | ||
|---|---|---|---|
| 001 | 0000003234 | ||
| 002 | 000003491 | ||
| 005 | .0 | ||
| 020 | |a 072149580X | ||
| 090 | 0 | 0 | |a JF |b TWE |
| 245 | 1 | 4 | |a The Twelve days of christmas illustrated by Roger Langton |
| 260 | |a U.K : |b Ladybird Books , |c 19- | ||
| 300 | |a 26p. : |b ill ; |c 18cm. | ||
| 650 | 0 | 0 | |a Christmas stories |
| 999 | |a 035703 |b BUKU |c PINJAMAN |e PERPUSTAKAAN KOMUNITI PETALING JAYA | ||